Le mot manquant est un terme de géographie (click quiz) - Statistiques

Statistiques générales
  • Ce quiz a été pris 64 fois
  • Le résultat moyen est 15 sur 26
Statistiques - réponses
Hint Réponse % Correct
Anna a remis le couvert avec Baptiste ; qui l’eut .......... ? crue
91%
Des frères John et Daniel Hostetler, je me demande s’il y en a un qui passe .......... femme à l’autre. dune
83%
Ne .......... pas sur moi pour placer correctement des fromages sur une carte de France. comté
81%
Parmi certains JetPunkers, il y en a un qui commande des détecteurs de métaux sur e.........., mais je ne vous dirai pas qui. baie
72%
.......... donné que le poisson Jeppy est contre la polygamie, je ne me marierai jamais avec lui ! Etang
72%
.......... ce beau mercredi, je me dois de me dire que ce n’est pas en faisant des quiz pourris que je vais obtenir une étoile. Anse
68%
L'année prochaine, c'est Jeppy qui va gagner l'..........vision. euro
64%
Certains quiz de JetPunk me font nettement plus .......... que les miens. marée
64%
Les frères Hostetler portent-ils des pantalons en velours .......... lé ? côte
62%
Comme les frères Hostetler ne parlent peut-être pas le français, ne leur dites surtout pas : la bourse .......... la vie ! houle
57%
Je me demande si les arbres plantés par JetPunk sont vraiment végétariens car il paraît qu'ils mangent de la sauce .......... ovin
57%
Si les frères Hostetler ne parlent pas français, ils ne connaissent pas l'expression : .......... soeur. Etat
55%
Si tu dragues les frères Hostetler alors qu'ils sont mariés, ça va barder ; au moins, je t'aurais .......... venue. pré
55%
.......... carie qu'avait ce matin l'un des frères Hostetler a finalement été bien soignée. Lac
53%
Je me demande si Daniel a déjà dit à John : .......... chercher toi-même tes slips chauffants ! vallée
53%
Je n'ai encore jamais vu de quiz dont le titre est : il n'y a pas que ton .......... long qui est irritable. col
51%
S'il voulait vraiment trouver une femme, .......... rait dû avoir une belle voiture, Jeppy. Îlot
51%
Qui .......... rie Jeppy pour qu'il ne reste pas vieux garçon ? mare
51%
Je me demande si les frères Hostetler chantent O .......... e mio sous la douche. sol
51%
Jeppy est tellement beau qu'on ne peut pas lui dire : .......... ridicule quand on te déguise. terre
47%
......... encore sans étoile après 542 quiz, c'est que tu es vraiment nul. Cité
45%
.......... meilleurs JetPunkers français, je me demande lequel a le plus de poils dans le dos. Détroit
45%
Elboy m'a dit : "si tu veux obtenir une étoile à chaque quiz, .......... journal intime" limon
38%
J'espère que les frères Hostetler ne disent pas à leur femme : tes .......... pitons me font penser à des grumeaux. caps
32%
Avec tout l'argent qu'ils ont, les frères Hostetler ont pu s'acheter des .......... gâtes. regs
28%
Les frères Hostetler doivent être tellement riches qu'ils ne doivent pas manger de ........ à la betterave ria
26%
Aucun quiz correspondant
Distribution des résultats
% des personnes avec chaque résultat
Percentile par nombre de réponses
Votre historique - résultats
Vous n’avez pas pris ce quiz